Human Genetics/ (Record no. 210654)

MARC details
000 -LEADER
fixed length control field 00541nam a22001937a 4500
005 - DATE AND TIME OF LATEST TRANSACTION
control field 20250402140811.0
010 ## - LCCN (DPL NO)
LC control number ENG-144460
020 ## - INTERNATIONAL STANDARD BOOK NUMBER
International Standard Book Number 9789395401074
Terms of availability 1550.00
035 ## - SYSTEM CONTROL NUMBER
System control number EN-127992
037 ## - SOURCE OF ACQUISITION
Source of stock number/acquisition DBAD
082 ## - DEWEY DECIMAL CLASSIFICATION NUMBER
Classification number 599.935
100 ## - MAIN ENTRY--PERSONAL NAME
Personal name Vishwas, Shekhar
245 ## - TITLE STATEMENT
Title Human Genetics/
Statement of responsibility, etc Shekhar Vishwas
250 ## - EDITION STATEMENT
Edition statement 1
260 ## - PUBLICATION, DISTRIBUTION, ETC. (IMPRINT)
Place of publication, distribution, etc New Delhi
Name of publisher, distributor, etc Rajat Publications
Date of publication, distribution, etc 2024
270 ## - ADDRESS
Address 4740/23, Ansari Road, Daryagan
City New Delhi
Postal code 110002
300 ## - PHYSICAL DESCRIPTION
Extent 276p.
Dimensions 24cm(Hb)
942 ## - ADDED ENTRY ELEMENTS (KOHA)
Source of classification or shelving scheme Dewey Decimal Classification
Item type English Books
Call number suffix VIS
Classification part 599.935
Holdings
Withdrawn status Lost status Not for loan Collection code Home library Current library Date acquired Source of acquisition Cost, normal purchase price Full call number Barcode Copy number Cost, replacement price Koha item type
      Non-fiction Sarojini Nagar Sarojini Nagar 02/04/2025 Delivery of Books Act Division 1550.00 VIS 599.935 EN-127992 1 1550.00 English Books

© Delhi Public Library
Hit Counter
free hit counter